Indian pharmaceutical segment : market drivers and value segments 2012.
| Format: | Book |
|---|---|
| Published: |
New Delhi:
T & A Consulting,
2012.
|
| Subjects: |
| LEADER | 00435cam a2200133 7i4500 | ||
|---|---|---|---|
| 001 | 0000030356 | ||
| 005 | 20131004090000.0 | ||
| 090 | 0 | 0 | |a INDA 338.476151 |b IND |
| 245 | 0 | 0 | |a Indian pharmaceutical segment : |b market drivers and value segments 2012. |
| 260 | 0 | 0 | |a New Delhi: |b T & A Consulting, |c 2012. |
| 300 | # | # | |a 74 p. |
| 650 | 0 | 0 | |a Pharmaceutical -- |x Markets -- |z India |
| 651 | 0 | 0 | |a India |
| 999 | |a 0000031735 |b Book |c Countries |e Business Information Centre | ||